LEADER 02023nam 2200397Ia 450 001 996385986003316 005 20200824132424.0 035 $a(CKB)4940000000078740 035 $a(EEBO)2240953275 035 $a(OCoLC)ocm12735166e 035 $a(OCoLC)12735166 035 $a(EXLCZ)994940000000078740 100 $a19851029d1693 uy | 101 0 $aeng 135 $aurbn||||a|bb| 200 14$aThe second Spira$b[electronic resource] $ebeing a fearful example of an atheist who had apostatized from the Christian religion, and died in despair at Westminster, Decemb. 8, 1692 : with an account of his sickness, convictions, discourses with friends ministers, and of his dreadful expressions and blasphemies when he left the world : as also a letter from an atheist of his acquaintance, with his answer to it /$fpublish'd for an example to others, and recommended to all young persons, to settle them in their religion, by J.S. a minister of the Church of England .. 205 $aThe fourth edition$bwith a remarkable occurrence further clearing the matter of fact. 210 $aLondon $cPrinted for John Dunton ...$d1693 215 $a[14], 56 p 300 $a"Professedly based on the memoranda of J.S. (J. Sanders) 'methodized' by another. cf. Preface and Methodizer's apology. The publisher, John Dunton, considered the narrative fictitious and ascribed it to the 'methodizer,' Richard Sault. cf. John Dunton's Life and errors, 1818, v. 1, p. 154"--NUC pre-1956 imprints. 300 $aReproduction of original in the Harvard University Library. 330 $aeebo-0062 606 $aAtheism$vEarly works to 1800 615 0$aAtheism 700 $aSault$b Richard$fd. 1702.$01001260 701 $aJ. S$g(J. Sanders)$01001261 701 $aJ. S$cMinister of the Church of England.$01001262 801 0$bEAH 801 1$bEAH 801 2$bm/c 801 2$bEAA 801 2$bWaOLN 906 $aBOOK 912 $a996385986003316 996 $aThe second Spira$92298111 997 $aUNISA LEADER 02240nam 2200565 450 001 9910797433503321 005 20230807221313.0 010 $a3-8382-6796-6 035 $a(CKB)3710000000457369 035 $a(EBL)4333707 035 $a(MiAaPQ)EBC4333707 035 $a(MiAaPQ)EBC5782852 035 $a(EXLCZ)993710000000457369 100 $a20160531h20152015 uy 0 101 0 $aeng 135 $aur|n|---||||| 181 $2rdacontent 182 $2rdamedia 183 $2rdacarrier 200 14$aThe dark side of European integration $esocial foundations and cultural determinants of the rise of radical right movements in contemporary Europe /$fAlina Polyakova 210 1$aStuttgart, Germany :$cibidem-Verlag,$d2015. 210 4$dİ2015 215 $a1 online resource (183 p.) 225 1 $aExplorations of the Far Right,$x2192-7448 ;$vVolume 4 300 $aDescription based upon print version of record. 311 $a3-8382-0796-3 311 $a3-8382-0766-1 320 $aIncludes bibliographical references and index. 327 $aRadical right parties in Western and Eastern Europe -- How right-wing mobilization works on the ground -- Reimagining political parties and social movements. 330 $aBased on detailed analysis of the electoral rise of radical right parties, argues that the rising nationalism and the mobilization of the radical right in contemporary Europe are the result of European economic integration, which has produced a cultural backlash. 410 0$aExplorations of the far right ;$vVolume 4. 606 $aRight-wing extremists$zEurope, Eastern 606 $aRight-wing extremists$zEurope, Western 606 $aNationalism$zEurope, Eastern 606 $aNationalism$zEurope, Western 607 $aEurope, Eastern$2fast 607 $aEurope, Western$2fast 615 0$aRight-wing extremists 615 0$aRight-wing extremists 615 0$aNationalism 615 0$aNationalism 676 $a320.530947 700 $aPolyakova$b Alina$01480216 801 0$bMiAaPQ 801 1$bMiAaPQ 801 2$bMiAaPQ 906 $aBOOK 912 $a9910797433503321 996 $aThe dark side of European integration$93696753 997 $aUNINA